000 00378nam a22001457a 4500
008 210830b |||||||| |||| 00| 0 eng d
020 _a9789749575871
082 _a398.2 EPS
100 _aEpstein, Steven Jay.
245 _aLao folktales.
260 _aChiang Mai :
_bSilkworm Books,
_c1995.
300 _aix, 113 p. :
_c25 cm.
_bill. ;
650 _aFolktales.
942 _2ddc
999 _c10194
_d10195